Les départements et les communes (nombre) en 2023 - Statistiques

Statistiques générales
  • Ce quiz a été pris 33 fois
    16 depuis la dernière actualisation
  • Le résultat moyen est 13 sur 15
Statistiques - réponses
Nbre de communes Réponse % Correct
De 51 à 150 Belfort | Bouches-du-Rhône | Corse-du-Sud | Territoire de Belfort
100%
De 1 à 50 Mayotte | Guyane | Paris | Réunion | Guadeloupe | Martinique | Hauts-de-Seine | Seine-Saint-Denis | Val-de-Marne
100%
De 151 à 200 Vaucluse | Lozère | Var | Hautes-Alpes | Alpes-Maritimes | Maine-et-Loire | Val-d'Oise | Essonne | Haute-Vienne | Tarn-et-Garonne | Alpes-de-Haute-Provence
100%
De 201 à 250 Loire-Atlantique | Pyrénées-Orientales | Haute-Corse | Mayenne | Indre | Cantal | Morbihan
93%
De 501 à 550 Dordogne | Vosges | Seine-et-Marne | Isère | Bas-Rhin | Calvados | Gironde | Haute-Saône | Pyrénées-Atlantiques
87%
De 301 à 350 Nièvre | Lot | Tarn | Allier| Lot-et-Garonne | Loire | Loiret | Ariège | Landes | Ille-et-Vilaine | Ardèche | Hérault | Côtes-d'Armor
87%
De 551 à 600 Saône-et-Loire | Doubs | Eure | Haute-Garonne | Meurthe-et-Moselle
87%
De 351 à 400 Sarthe | Drôme | Charente | Eure-et-Loir | Haut-Rhin | Orne | Ain | Gard
87%
De 701 à 750 Seine-Maritime | Moselle
87%
Au-delà de 751 Somme | Aisne | Pas-de-Calais
87%
De 251 à 300 Vendée | Creuse | Deux-Sèvres | Haute-Loire | Yvelines | Vienne | Loir-et-Cher | Indre-et-Loire | Savoie | Finistère | Haute-Savoie | Corrèze | Aveyron | Cher | Rhône
87%
De 601 à 650 Marne | Nord
80%
De 401 à 450 Yonne | Haute-Marne | Aube | Aude | Manche | Ardennes
80%
De 451 à 500 Gers | Charente-Maritime | Puy-de-Dôme | Hautes-Pyrénées | Jura | Meuse
73%
De 651 à 700 Oise | Côte-d'or
67%
Aucun quiz correspondant
Distribution des résultats
% des personnes avec chaque résultat
Percentile par nombre de réponses
Votre historique - résultats
Vous n’avez pas pris ce quiz depuis la dernière actualisation